Jazyk ASSEMBLERA dlja personal'nogo komp'jutera firmy IBM

Saved in:
Bibliographic Details
Main Author: Schneider, Al
Format: Book
Language:Russian
Published: Moskva Mir 1988
Edition:1. izd.
Tags: Add Tag
No Tags, Be the first to tag this record!

MARC

LEADER 00000nam a2200000 4500
001 c031761
005 20240912133732.6
041 0 |a rus 
044 |a RU 
245 1 0 |a Jazyk ASSEMBLERA dlja personal'nogo komp'jutera firmy IBM  |c Al Schneider ; [Z angl. prel.] A.S. Bernštejn 
250 |a 1. izd. 
264 1 |a Moskva  |b Mir  |c 1988 
300 |a 405 s. 
100 1 |a Schneider, Al